Normal view
MARC view
- اعداد علي، وائل عمران
Entry Personal Name
001 - CONTROL NUMBER
- control field: 52051
003 - CONTROL NUMBER IDENTIFIER
- control field: JO-AjAnu
005 - DATE AND TIME OF LATEST TRANSACTION
- control field: 20230606082547.0
008 - FIXED-LENGTH DATA ELEMENTS
- fixed length control field: 230606|| aca||aabn | a|a d
040 ## - CATALOGING SOURCE
- Original cataloging agency: JO-AjAnu
- Transcribing agency: JO-AjAnu
100 ## - HEADING--PERSONAL NAME
- Personal name: اعداد علي، وائل عمران
670 ## - SOURCE DATA FOUND
- Source citation: Work cat.: (JO-AjAnu)26602: اعداد علي، وائل عمران, author, دور الشراكة والتمكين المجتمعي في تفعيل التنمية المحلية المستدامة في مصر: اطار مقترح